Latin America's foreign trade; (Record no. 51599)
[ view plain ]
| 000 -LEADER | |
|---|---|
| fixed length control field | 00900cam a22002411 4500 |
| 001 - CONTROL NUMBER | |
| control field | pa 67000005 |
| 003 - CONTROL NUMBER IDENTIFIER | |
| control field | DLC |
| 005 - DATE AND TIME OF LATEST TRANSACTION | |
| control field | 20260227111857.0 |
| 008 - FIXED-LENGTH DATA ELEMENTS--GENERAL INFORMATION | |
| fixed length control field | 770823s1966 dcu i000 0 eng c |
| 010 ## - LIBRARY OF CONGRESS CONTROL NUMBER | |
| LC control number | pa 67000005 |
| 035 ## - SYSTEM CONTROL NUMBER | |
| System control number | (OCoLC)3210715 |
| 040 ## - CATALOGING SOURCE | |
| Original cataloging agency | Pan American Union. Library |
| Transcribing agency | TNJ |
| Modifying agency | DLC |
| 042 ## - AUTHENTICATION CODE | |
| Authentication code | premarc |
| 050 00 - LIBRARY OF CONGRESS CALL NUMBER | |
| Classification number | HF3230.5.Z5 |
| Item number | P33 |
| 110 2# - MAIN ENTRY--CORPORATE NAME | |
| Corporate name or jurisdiction name as entry element | Pan American Union. |
| Subordinate unit | Department of Economic Affairs. |
| 245 10 - TITLE STATEMENT | |
| Title | Latin America's foreign trade; |
| Remainder of title | problems and policies. |
| 260 ## - PUBLICATION, DISTRIBUTION, ETC. | |
| Place of publication, distribution, etc. | Washington, |
| Date of publication, distribution, etc. | 1966. |
| 300 ## - PHYSICAL DESCRIPTION | |
| Extent | vi, 93 p. |
| Dimensions | 28 cm. |
| 500 ## - GENERAL NOTE | |
| General note | "Originally published for the fourth annual meeting of the Inter-American Economic and Social Council ... with the following classification OEA/ser.H/x.8, CIES/862 (English)" |
| 651 #0 - SUBJECT ADDED ENTRY--GEOGRAPHIC NAME | |
| Geographic name | Latin America |
| General subdivision | Commercial policy. |
| 651 #0 - SUBJECT ADDED ENTRY--GEOGRAPHIC NAME | |
| Geographic name | Latin America |
| General subdivision | Commerce. |
| 710 2# - ADDED ENTRY--CORPORATE NAME | |
| Corporate name or jurisdiction name as entry element | Inter-American Economic and Social Council. |
No items available.